<?xml version="1.0" encoding="UTF-8"?>
<record
    xmlns:xsi="http://www.w3.org/2001/XMLSchema-instance"
    xsi:schemaLocation="http://www.loc.gov/MARC21/slim http://www.loc.gov/standards/marcxml/schema/MARC21slim.xsd"
    xmlns="http://www.loc.gov/MARC21/slim">

  <leader>01051nam a2200217 i 4500</leader>
  <controlfield tag="001">164571</controlfield>
  <controlfield tag="003">ES-MaACL</controlfield>
  <controlfield tag="005">20250726072722.0</controlfield>
  <controlfield tag="008">180531s1916    sp           |||| | spa d</controlfield>
  <datafield tag="100" ind1="1" ind2=" ">
    <subfield code="a">Vega del Sella, Ricardo </subfield>
    <subfield code="c">Duque de Estrada y Mart&#xED;nez de Morent&#xED;n, Conde de la Vega del Sella.</subfield>
    <subfield code="9">164836</subfield>
  </datafield>
  <datafield tag="245" ind1="1" ind2="0">
    <subfield code="a">Paleol&#xED;tico de Cueto de la Mina (Asturias) / </subfield>
    <subfield code="c">por el Conde de la Vega del Sella.</subfield>
  </datafield>
  <datafield tag="260" ind1=" " ind2=" ">
    <subfield code="a">Madrid : </subfield>
    <subfield code="b">Museo Nacional de Ciencias Naturales, </subfield>
    <subfield code="c">1916.</subfield>
  </datafield>
  <datafield tag="300" ind1=" " ind2=" ">
    <subfield code="a">94 p., XLIII l&#xE1;m. : </subfield>
    <subfield code="b">map., grab. ; </subfield>
    <subfield code="c">28 cm.</subfield>
  </datafield>
  <datafield tag="490" ind1="1" ind2=" ">
    <subfield code="a">Comisi&#xF3;n de Investigaciones Paleontol&#xF3;gicas y Prehist&#xF3;ricas. Memoria ; </subfield>
    <subfield code="v">13</subfield>
  </datafield>
  <datafield tag="594" ind1=" " ind2=" ">
    <subfield code="a">Precede al t&#xED;t.: Junta para la Ampliaci&#xF3;n de Estudios e Investigaciones Cient&#xED;ficas.</subfield>
  </datafield>
  <datafield tag="650" ind1=" " ind2="4">
    <subfield code="a">Paleol&#xED;tico superior-</subfield>
    <subfield code="z">Asturias (Comunidad Aut&#xF3;noma)</subfield>
    <subfield code="9">164853</subfield>
  </datafield>
  <datafield tag="651" ind1=" " ind2="4">
    <subfield code="a">Cueva de Cueto de la Mina (Asturias)</subfield>
    <subfield code="9">164854</subfield>
  </datafield>
  <datafield tag="830" ind1="0" ind2="0">
    <subfield code="a">Comisi&#xF3;n de Investigaciones Paleontol&#xF3;gicas y Prehist&#xF3;ricas. Memoria</subfield>
    <subfield code="v">13</subfield>
    <subfield code="9">183771</subfield>
  </datafield>
  <datafield tag="852" ind1=" " ind2=" ">
    <subfield code="a">ES-MaACL</subfield>
    <subfield code="j">B-13003(4)</subfield>
  </datafield>
  <datafield tag="999" ind1=" " ind2=" ">
    <subfield code="c">164571</subfield>
    <subfield code="d">164571</subfield>
  </datafield>
  <datafield tag="952" ind1=" " ind2=" ">
    <subfield code="0">0</subfield>
    <subfield code="1">0</subfield>
    <subfield code="4">0</subfield>
    <subfield code="7">0</subfield>
    <subfield code="a">ATENEOM</subfield>
    <subfield code="b">ATENEOM</subfield>
    <subfield code="c">SPB</subfield>
    <subfield code="d">2018-05-31</subfield>
    <subfield code="e">SC</subfield>
    <subfield code="l">0</subfield>
    <subfield code="o">B-13003(4)</subfield>
    <subfield code="p">1198923</subfield>
    <subfield code="r">2023-02-23 00:00:00</subfield>
    <subfield code="w">2023-02-23</subfield>
    <subfield code="y">MONOGRAFIA</subfield>
  </datafield>
</record>
